<?xml version="1.0" encoding="UTF-8"?>
<marc:record xmlns:marc="http://www.loc.gov/MARC21/slim">
   <marc:leader>00000nam a2200000 a 4500</marc:leader>
   <marc:datafield ind1="1" ind2=" " tag="100">
      <marc:subfield code="a">Bomann, Corina</marc:subfield>
      <marc:subfield code="4">aut</marc:subfield>
      <marc:subfield code="e">Verfasser/-in</marc:subfield>
   </marc:datafield>
   <marc:datafield ind1=" " ind2=" " tag="653">
      <marc:subfield code="a">Historischer Roman</marc:subfield>
   </marc:datafield>
   <marc:datafield ind1="0" ind2="0" tag="245">
      <marc:subfield code="a">Winterblüte / Winterengel</marc:subfield>
   </marc:datafield>
   <marc:datafield ind1="0" ind2="0" tag="245">
      <marc:subfield code="b">Doppelroman</marc:subfield>
   </marc:datafield>
   <marc:datafield ind1="0" ind2="0" tag="245">
      <marc:subfield code="c">Corina Bomann</marc:subfield>
   </marc:datafield>
   <marc:datafield ind1=" " ind2="1" tag="264">
      <marc:subfield code="a">Berlin</marc:subfield>
      <marc:subfield code="b">Ullstein</marc:subfield>
      <marc:subfield code="c">2023</marc:subfield>
   </marc:datafield>
   <marc:datafield ind1="1" ind2=" " tag="520">
      <marc:subfield code="a">Verlagstext:&lt;br/&gt;&lt;br/&gt;Zwei Winterschmöker zum Träumen schön&lt;br/&gt;&lt;br/&gt;Winterblüte:&lt;br/&gt;&lt;br/&gt;Verhilft ein alter Adventsbrauch dem Glück auf die Sprünge? Das elegante Ostseebad Heiligendamm um 1900. Wenige Wochen vor Weihnachten wird eine Schiffbrüchige an den Strand gespült. Sie kann sich nicht einmal an ihren Namen erinnern. Unterschlupf findet sie bei der Familie, die das beste Hotel im Ort betreibt. Gemeinsam mit der unglücklich verliebten Tochter stellt sie einen Barbarazweig ins Wasser. Wenn die Knospen an Heiligabend blühen, werden die Wünsche der jungen Frauen in Erfüllung gehen.&lt;br/&gt;&lt;br/&gt;Winterengel:&lt;br/&gt;&lt;br/&gt;Gläserne Weihnachtsengel, eine Einladung von der Queen und die Verheißung einer großen Liebe! Um ihrer verwiteten Mutter zu helfen, verkauft Anna selbst gemachte kleine Glasengel. Der schöne Weihnachtsschmuck erregt auf den Märkten im Schwäbischen Wald Aufsehen. Eines Tages erhält Anna eine einzigartige Einladung: Queen Victoria bittet sie an den englischen Hof. Anna ahnt nicht, dass die Reise ihr Leben für immer verändert.</marc:subfield>
   </marc:datafield>
   <marc:datafield ind1=" " ind2=" " tag="020">
      <marc:subfield code="a">9783548069166</marc:subfield>
      <marc:subfield code="9">9783548069166</marc:subfield>
   </marc:datafield>
   <marc:datafield ind1=" " ind2=" " tag="041">
      <marc:subfield code="a">ger</marc:subfield>
   </marc:datafield>
   <marc:datafield ind1="1" ind2=" " tag="521">
      <marc:subfield code="a">0</marc:subfield>
   </marc:datafield>
   <marc:datafield ind1=" " ind2=" " tag="300">
      <marc:subfield code="a">725 Seiten</marc:subfield>
   </marc:datafield>
</marc:record>
